000 00642cab a2200217 4500
001 WB3303-49
008 090401t1997 xxu||||| |||| 00| 0 eng d
035 _a(Sirsi) u26747
041 _aeng
245 _aTraffic cut targets
260 _c1997
350 _a0
490 _aFinancial Times
_v17 January 1997, 10(1)
520 _aThe government is to penalise local authorities who fail to impose strict traffic reduction targets in towns and cities.
650 _aLOCAL AUTHORITIES
650 _aTRAFFIC CONGESTION
650 _aTRAFFIC REDUCTION
690 _aTRANSPORT AND COMMUNICATIONS
942 _n0
948 _c04/03/1997
999 _c18004
_d18004